All 50k U.S. Cities on a Map by Letter - N - Statistics

General Stats
  • This quiz has been taken 3,288 times
    2,309 since last reset
  • The average score is 18 of 33
Answers on the Map
Answers color-coded by a green-red scale on the quiz's map according to % correct below.
 
Answer Stats
City State Population % Correct
New York NY 8,258,035
99%
Nashville TN 687,788
98%
New Orleans LA 364,136
97%
Newark NJ 304,960
89%
Newark OH 51,046
89%
Norfolk VA 230,930
81%
North Las Vegas NV 284,771
81%
New Haven CT 135,319
73%
Newport News VA 183,118
71%
Naperville IL 150,245
65%
Norman OK 130,046
65%
Nampa ID 114,268
63%
North Charleston SC 121,469
58%
Nashua NH 91,003
56%
New Bedford MA 100,695
51%
Newton MA 88,415
48%
Norwalk CA 98,078
48%
Norwalk CT 92,458
48%
Napa CA 77,492
47%
North Little Rock AR 64,531
44%
New Braunfels TX 110,958
43%
Newport Beach CA 82,637
40%
New Rochelle NY 83,742
40%
North Miami FL 59,008
33%
North Port FL 88,934
33%
Normal IL 52,618
32%
New Brunswick NJ 55,846
30%
New Britain CT 74,080
29%
Noblesville IN 73,916
25%
Novi MI 66,314
23%
National City CA 55,236
20%
Novato CA 51,722
18%
North Richland Hills TX 70,658
16%
No matching quizzes found
Score Distribution
Percent of People with Each Score
Percentile by Number Answered
Your Score History
You have not taken this quiz since the last reset